| 000 | 00680nam a22001937a 4500 | ||
|---|---|---|---|
| 005 | 20180706134114.0 | ||
| 010 | _aB-061083 | ||
| 020 | _a8171209343 | ||
| 035 | _aB-061083 | ||
| 037 | _bSri Ramakrishna Math, Chennai | ||
| 082 | _a181.43 | ||
| 100 | _aSatprakashananda, Swami | ||
| 245 |
_aVedanta for all _cSwami Satprakashananda |
||
| 260 |
_aChennai _bSri Ramakrishna Math, Chennai |
||
| 270 |
_aSri Ramakrishna Math Printing press Mylapore, Chennai-4 _bChennai |
||
| 300 |
_a277p. _c18cm(hb) |
||
| 942 |
_2ddc _cEN _h181.43 _mSAT |
||
| 999 |
_c153509 _d153509 |
||